Теория равнораспределения для голоморфных кривых: пер. с англ.

Библиографические подробности
Главный автор: Ву Хун-си
Язык:русский
Опубликовано: Москва, Мир, 1973
Предметы:
Формат: Книга
Запись в KOHA:https://koha.lib.tpu.ru/cgi-bin/koha/opac-detail.pl?biblionumber=355055

MARC

LEADER 00000nam0a2200000 4500
001 355055
005 20231102010744.0
035 |a (RuTPU)RU\TPU\retro\12314 
090 |a 355055 
100 |a 20200630d1973 km y0rusy50 ca 
101 1 |a rus  |c eng 
102 |a RU 
105 |a y z 001zy 
200 1 |a Теория равнораспределения для голоморфных кривых  |e пер. с англ.  |f Ву Хун-си 
210 |a Москва  |c Мир  |d 1973 
215 |a 228 с. 
320 |a Библиогр.: с. 226 
606 1 |a Кривые голоморфные  |2 stltpush  |3 (RuTPU)RU\TPU\subj\16256  |9 42391 
610 1 |a проективные пространства 
610 1 |a грассмановы многообразия 
610 1 |a мероморфные функции 
610 1 |a теория Неванлинны 
610 1 |a основные теоремы 
610 1 |a дефекты 
610 1 |a соотношение 
675 |a 517.54  |v 4 
700 1 |a Ву Хун-си 
801 1 |a RU  |b 63413507  |c 20200630 
801 2 |a RU  |b 63413507  |c 20210202  |g RCR 
942 |c BK